Kaidasa sakunthalam/ (Record no. 22402)

000 -LEADER
fixed length control field 00371nam a22001451a 4500
082 ## - DEWEY DECIMAL CLASSIFICATION NUMBER
Classification number M2 SAN KAL
Item number M81
100 ## - MAIN ENTRY--PERSONAL NAME
Personal name Sanathanan Pillai (tr.)
9 (RLIN) 66182
245 ## - TITLE STATEMENT
Title Kaidasa sakunthalam/
260 ## - PUBLICATION, DISTRIBUTION, ETC.
Name of publisher, distributor, etc. J.Sumathy Amma,
Date of publication, distribution, etc. 1981.
Place of publication, distribution, etc.
300 ## - PHYSICAL DESCRIPTION
Extent 100p.
650 ## - SUBJECT ADDED ENTRY--TOPICAL TERM
Topical term or geographic name entry element Drama Malayalam
9 (RLIN) 66183
650 ## - SUBJECT ADDED ENTRY--TOPICAL TERM
Topical term or geographic name entry element Literature Malayalam
9 (RLIN) 66184
650 ## - SUBJECT ADDED ENTRY--TOPICAL TERM
Topical term or geographic name entry element Literature
9 (RLIN) 66185
942 ## - ADDED ENTRY ELEMENTS (KOHA)
Koha item type Book
Holdings
Withdrawn status Lost status Damaged status Not for loan Permanent Location Current Location Date acquired Cost, normal purchase price Total Checkouts Full call number Barcode Date last seen Cost, replacement price Price effective from Koha item type
Write off     Not For Loan Sree Sankaracharya University of Sanskrit Sree Sankaracharya University of Sanskrit 08.01.2015 10.00   M2 SAN KAL M81 002385 08.01.2015 0.00 08.01.2015 Book